GLOBALIZACION Y MUJER (Registro nro. 47724)
[ vista simple ]
| 000 -LEADER | |
|---|---|
| fixed length control field | 00957nam a2200181 a 4500 |
| 001 - CONTROL NUMBER | |
| control field | 47724 |
| 005 - DATE AND TIME OF LATEST TRANSACTION | |
| control field | 20180714031758.0 |
| 008 - FIXED-LENGTH DATA ELEMENTS--GENERAL INFORMATION | |
| fixed length control field | 140415s2002 sp 000 0 spa d |
| 020 ## - INTERNATIONAL STANDARD BOOK NUMBER | |
| International Standard Book Number | 8495886049 |
| 041 ## - LANGUAGE CODE | |
| Language code of text/sound track or separate title | spa |
| 082 ## - DEWEY DECIMAL CLASSIFICATION NUMBER | |
| Classification number | 305.42 |
| Item number | GLO |
| 245 00 - TITLE STATEMENT | |
| Title | GLOBALIZACION Y MUJER |
| 250 ## - EDITION STATEMENT | |
| Edition statement | 1a ed. |
| 260 ## - PUBLICATION, DISTRIBUTION, ETC. | |
| Place of publication, distribution, etc. | ESPAÑA : |
| Name of publisher, distributor, etc. | PABLO IGLESIAS, |
| Date of publication, distribution, etc. | 2002 |
| 300 ## - PHYSICAL DESCRIPTION | |
| Extent | 147 |
| Dimensions | 13.5 x 2 x 21 |
| 520 ## - SUMMARY, ETC. | |
| Summary, etc. | EN LOS ULTIMOS AÑOS, LA REFLEXIÓN EN TORNO A LA GLOBALIZACIÓN Y SUS CONSECUENCIAS HA ESTADO PRESENTE EN NUMEROSOS DEBATES. LA FORMA EN QUE ESTA GLOBALIZACION SE PRODUCE ESTA MERECIENDO CADA DÍA CONTUNDENTES Y MASIVAS RESPUESTAS DE MOVIMIENTOS SOCIALES DE TODO TIPO Y COLOR. LAS MUJERES, A PESAR DE SU APARENTE INVISIBILIDAD, PUEDEN JUGAR UN PAPEL FUNDAMENTAL EN LA CONSTRUCCION DE LATERNATIVAS SOCIALES, ECONOMICAS Y POLITICAS MAS JUSTAS Y SOLIDARIAS. |
| 650 14 - SUBJECT ADDED ENTRY--TOPICAL TERM | |
| Topical term or geographic name entry element | GLOBALIZACION |
| General subdivision | MUJERES |
| -- | MUJERES CONDICIONES SOCIALES |
| -- | PROBLEMAS SOCIALES |
| Withdrawn status | Lost status | Source of classification or shelving scheme | Damaged status | Not for loan | Collection code | Home library | Current library | Shelving location | Date acquired | Source of acquisition | Inventory number | Total Checkouts | Full call number | Barcode | Date last seen | Date last checked out | Price effective from | Koha item type |
|---|---|---|---|---|---|---|---|---|---|---|---|---|---|---|---|---|---|---|
| Dewey Decimal Classification | General | Biblioteca Karol Wojtyla | Biblioteca Karol Wojtyla | Sala general | 03/12/2013 | Compra | 151000000000000000053990 | 1 | 305.42 GLO | 71497 | 05/01/2026 | 12/07/2019 | 03/12/2013 | Libro |